| 000 | 00975nas a2200337 4500 | ||
|---|---|---|---|
| 001 | BR2015003091 | ||
| 003 | BR-BrBNA | ||
| 005 | 20231205125343.0 | ||
| 007 | ta | ||
| 008 | 230509b bl.|||p| |||| 00| 00por d | ||
| 040 |
_aBR-BrBNA _bpor _cBiblioteca Nacional de Agricultura |
||
| 041 | _a(Pt) | ||
| 072 | _aE16; Q52 | ||
| 100 | 1 | _aCosta, N.R. | |
| 100 | 1 | _aAndreotti, M. | |
| 100 | 1 | _aBergamaschine, A.F. | |
| 100 | 1 | _aLopes, K.S.M. | |
| 100 | 1 | _aLima, A.E. da S. | |
| 245 | 1 | _aCusto da produção de silagens em sistemas de integração lavoura-pecuária sob plantio direto | |
| 650 | _aMILHO | ||
| 650 | _aLAVOURA | ||
| 650 | _aPECUÁRIA | ||
| 650 | _aINTEGRAÇÃO | ||
| 650 | _aCAPIM BRACHIARIA | ||
| 650 | _aSILAGEM | ||
| 650 | _aCUSTO | ||
| 650 | _aANÁLISE ECONÔMICA | ||
| 773 | 0 |
_tRevista Ceres (Brazil) _xISSN 0034-737X _g(Jan-Feb 2015), v. 62(1) p. 9-19 _wBR2015003091 |
|
| 909 |
_a202311 _bLúcia _c55 _dLúcia Elande |
||
| 942 |
_2AGRIS _n0 _cANA |
||
| 999 |
_c243943 _d243943 |
||